[Event "RUS-chT Premier 2021"]
[White "Riazantsev,Alexander"]
[Black "Makhmutov,Rail"]
[WhiteTeam "Wildberries Молодёжка"]
[BlackTeam "Ладья"]
[Site "Sochi"]
[Round "1.22"]
[Annotator "TA"]
[Result "1/2-1/2"]
[Date "2021.05.01"]
[WhiteElo "2631"]
[BlackElo "2450"]
[PlyCount "221"]

1. Nf3 {} d5 2. g3 Bg4 3. Bg2 Nd7 4. c4 e6 5. Qb3 Nc5 6. Qe3 {A07:
Réti Opening: New York and Capablanca Systems.} c6 7. 0-0 Nf6 8. h3 {White has
an edge.} Bh5 9. d4 Ncd7 10. cxd5 cxd5 11. Qb3 Qb6 12. Nc3 Be7 13. Ne5 Nxe5 14. dxe5 Qxb3 15. axb3 Nd7 16. f4 {[#] Strongly threatening g4.} Nc5 $146 ({
Predecessor:} 16... h6 17. e4 Bc5+ 18. Kh2 d4 19. Nb5 Be2 20. Nc7+ Ke7 21. Nxa8 Bxf1 22. Bxf1 Rxa8 {1-0 (94) Tukhaev,A (2541)-Triapishko,A (2519) Hyderabad
2019} )17. g4 Nxb3 18. Rb1 Bg6 19. f5 exf5 20. gxf5 Bc5+ 21. Kh1 Bh5 22. Bxd5 Nxc1 23. Rbxc1 0-0 24. Ne4 Be3 {The position is equal.} 25. Rc2 Rae8 26. Ng3 Rxe5 27. Bxb7 g6 28. Ba6 Kg7 29. Bd3 Rc5 30. Rxc5 Bxc5 31. Bc4 Bd6 32. Nxh5+ gxh5 $11 { Endgame KRB-KRB} 33. f6+ Kg6 34. Bd3+ Kh6 35. Bc4 Be5 36. b3 Rg8 37. Bxf7 Rf8 38. Rf5 { [#]} Rxf7 39. Rxe5 Rxf6 {
KR-KR} 40. Kg2 Rb6 41. Re3 Kg5 42. Rc3 Rb4 43. Kf3 a5 44. Kg3 Kf5 45. Kf3 Kg5 46. Re3 Kf5 47. Rd3 Ke5 48. Ke3 Kf5 49. Rc3 Kg5 50. Kf3 Kf5 51. Rc5+ Kg6 52. Rxa5 Rxb3+ 53. e3 Rb4 54. Re5 Ra4 55. Re4 Ra1 56. Rf4 Kg5 57. h4+ Kg6 58. Rd4 Rh1 59. Rf4 Ra1 60. Rb4 Rh1 61. Rd4 Rh2 62. Rd6+ Kg7 63. Kg3 Rh1 64. Re6 (64. e4 {with more complications.} Rg1+ 65. Kf3 Rg4 66. Rd7+ Kg6 67. Rd6+ )Rg1+ 65. Kf3 $1 Rh1 66. Re4 Kf6 67. Rf4+ Ke5 68. Ra4 Kf6 69. Ke2 Rh2+ 70. Kd3 Rh3 71. Rf4+ Ke5 72. Re4+ Kf5 73. Kd4 Rg3 (73... Kg6 {with more complications.} 74. Rf4 Rg3 75. Kd3 Rh3 76. Kd4 )74. Rf4+ Ke6 75. Ke4 Rh3 76. Kd3 Rh2 77. Rb4 Kf5 78. Rc4 Rh1 79. Ke2 Rh3 80. Kf2 Ke5 81. Rf4 Ke6 82. Re4+ (82. Ra4 {is
interesting.} Kf6 83. Ra6+ Ke5 84. Ra5+ Ke4 85. Rxh5 Rf3+ 86. Kg2 )Kf5 83. Ra4 Ke5 84. Ke2 Kf5 85. Kd3 Rh2 86. Rc4 Rh3 87. Rf4+ Ke5 88. Re4+ Kf5 89. Kd4 Rg3 90. Kd5 (90. Rf4+ {is interesting.} )Rg4 91. Rd4 Kf6 92. Rc4 (92. e4 {with more complications.} Kf7 93. Ke5 Kg6 94. Rd6+ Kg7 95. Kf5 )Rxc4 93. Kxc4 {[#] Kd5 would kill now. KPP-KPP} Ke5 94. Kd3 Kd5 95. Ke2 Ke4 96. Kf2 $1 Ke5 97. Kf3 (97. Kg3 {seems wilder.} Ke4 98. Kf2 )Kf5 98. e4+ $1 Ke5 99. Ke3 h6 100. Kf3 Ke6 101. Kf4 (101. Ke2 {is more complex.} Kf6 102. Kf2 Ke6 103. Kf3 Kd7 104. Kf2 )Kf6 102. e5+ (102. Ke3 {looks sharper.} Ke5 )Ke6 103. Ke4 Ke7 104. Kf5 Kf7 $1 105. e6+ (105. Kf4 {keeps more tension.
} Ke6 )Ke7 106. Ke5 Ke8 107. Kf6 $1 Kf8 $1 108. Kg6 {White threatens
Kf6 and mate.} Ke7 109. Kxh5 Kxe6 110. Kxh6 {Intending Kg7 and mate.} Kf7 111. h5 {Weighted Error Value: White=0.02/Black=0.03} 1/2-1/2

[Event "RUS-chT Premier 2021"]
[White "Samusenko,Maksim"]
[Black "Antipov,Mikhail Al."]
[WhiteTeam "Ладья"]
[BlackTeam "Wildberries Молодёжка"]
[Site "Sochi"]
[Round "1.23"]
[Annotator "TA"]
[Result "0-1"]
[Date "2021.05.01"]
[WhiteElo "2467"]
[BlackElo "2609"]
[PlyCount "96"]

1. e4 {} c5 2. Nf3 e6 3. g3 Nc6 4. Bg2 Nf6 5. Qe2 e5 6. 0-0 {
B40: Sicilian: 2...e6, Unusual lines.} Be7 7. c3 0-0 8. Rd1 {The position is
equal.} Re8 9. Na3 {} Bf8 10. d3 h6 11. Nc4 d6 12. h3 {[#]} Be6 $5 $146 { New and interesting.} ({Predecessor:} 12... Rb8 13. a4 a6 14. Nh4 Be6 15. Qf3 g6 16. Ne3 Na5 17. Nd5 Bxd5 18. exd5 Nb3 {
1/2-1/2 (33) Bruedigam,M (2408)-Maiwald,J (2448) Germany 2016} )13. Ne3 d5 14. exd5 Nxd5 15. d4 (15. Nc4 $11 {keeps the balance.} )exd4 $17 16. cxd4 Qf6 {} 17. Qf1 (17. dxc5 $15 Bxc5 18. Re1 )Nxe3 ({Don't play} 17... cxd4 18. Ng4 $15 )18. fxe3 {[#] Hoping for d5.} Rad8 19. Qf2 Bd5 20. Bd2 cxd4 21. Nxd4 Qxf2+ 22. Kxf2 Bxg2 23. Kxg2 Nxd4 24. exd4 Rxd4 25. Bc3 Rde4 26. Rd2 Bb4 27. Bxb4 Rxb4 { Endgame KRR-KRR} 28. Rf1 Rbe4 29. b3 R8e7 30. Rff2 f6 31. Rc2 Kh7 32. Rcd2 Kg6 33. Rc2 a6 34. Rcd2 Re3 35. Rc2 (35. h4 $17 )Rd7 $19 36. Rf3 Re1 (36... Rxf3 $19 37. Kxf3 Rd3+ 38. Kg2 h5 )37. Rf1 Rxf1 38. Kxf1 $17 {KR-KR} Rd3 39. Kf2 (39. Kg2 $142 )b5 $19 40. Kg2 h5 41. h4 (41. Rf2 $142 )Kf5 42. Kh3 Ke4 43. Rc5 $2 {[#]} (43. Rc6 {
was called for.} Rd1 44. Rc2 )f5 {Black is clearly winning.} 44. Rc7 f4 45. Re7+ Kd4 46. Rd7+ (46. Kg2 $142 Rxg3+ 47. Kf2 )Ke3 47. Rxg7 Kf2 {
} 48. Rg5 Kg1 {Weighted Error Value: White=0.48/Black=0.04} 0-1

[Event "RUS-chT Premier 2021"]
[White "Yuffa,Daniil"]
[Black "Faizrakhmanov,Ramil"]
[WhiteTeam "Wildberries Молодёжка"]
[BlackTeam "Ладья"]
[Site "Sochi"]
[Round "1.24"]
[Annotator "ChessBase"]
[Result "0-1"]
[Date "2021.05.01"]
[WhiteElo "2584"]
[BlackElo "2477"]
[PlyCount "88"]
[TimeControl "60"]

1. d4 {[%emt 0:0:0]} Nf6 {[%emt 0:0:0]} 2. c4 {[%emt 0:0:0]} e6 {[%emt 0:0:0]} 3. Nf3 {[%emt 0:0:0]} d5 {[%emt 0:0:41]} 4. Bg5 {[%emt 0:0:43]} dxc4 {[%emt 0:2:7]} 5. e4 {[%emt 0:0:22]} c5 {[%emt 0:1:25]} 6. Nc3 {[%emt 0:6:8]
} cxd4 {[%emt 0:4:44]} 7. Nxd4 {[%emt 0:2:4]} Be7 {[%emt 0:0:0]} 8. Bxc4 {[%emt 0:2:23]} 0-0 {[%emt 0:3:29]} 9. 0-0 {[%emt 0:2:3]} a6 {[%emt 0:2:14]
} 10. a4 {[%emt 0:8:15]} b6 {[%emt 0:3:27]} 11. e5 {[%emt 0:0:0]} Nfd7 {[%emt 0:1:52]} 12. Bf4 {[%emt 0:0:36]} Bc5 {[%emt 0:26:47]} 13. b4 {[%emt 0:16:44]} Bxb4 {[%emt 0:6:2]} 14. Ne4 {[%emt 0:14:6]} Be7 {[%emt 0:0:0]} 15. Qg4 {[%emt 0:4:37]} Bb7 {[%emt 0:3:26]} 16. Bh6 {[%emt 0:2:0]} g6 {[%emt 0:0:15]} 17. Nxe6 {[%emt 0:8:32]} fxe6 {[%emt 0:3:56]} 18. Bxe6+ {[%emt 0:0:29]
} Kh8 {[%emt 0:0:42]} 19. Rad1 {[%emt 0:3:4]} Bxe4 {[%emt 0:0:0]} 20. Qxe4 {[%emt 0:3:18]} Ra7 {[%emt 0:0:12]} 21. Ba2 {[%emt 0:1:46]} Qe8 {[%emt 0:2:24]} 22. Bxf8 {[%emt 0:1:35]} Qxf8 {[%emt 0:0:39]} 23. f4 {[%emt 0:0:23]
} Nc5 {[%emt 0:0:44]} 24. Qc2 {[%emt 0:2:18]} Nc6 {[%emt 0:0:0]} 25. f5 {[%emt 0:0:8]} Nb4 {[%emt 0:2:2]} 26. Qc4 {[%emt 0:0:37]} Nxa2 {[%emt 0:1:37]} 27. f6 {[%emt 0:1:15]} Nxa4 {[%emt 0:1:16]} 28. fxe7 {[%emt 0:2:12]
} Qxe7 {[%emt 0:0:6]} 29. Kh1 {[%emt 0:1:50]} N2c3 {[%emt 0:0:0]} 30. Rd6 {[%emt 0:0:9]} Rc7 {[%emt 0:0:42]} 31. Qd4 {[%emt 0:0:37]} Nb5 {[%emt 0:0:26]} 32. Rd8+ {[%emt 0:0:50]} Kg7 {[%emt 0:0:5]} 33. Qd5 {[%emt 0:0:6]
} Qg5 {[%emt 0:0:56]} 34. Qg8+ {[%emt 0:0:42]} Kh6 {[%emt 0:0:0]} 35. Qf8+ {[%emt 0:0:27]} Rg7 {[%emt 0:0:51]} 36. e6 {[%emt 0:0:55]} Nc5 {[%emt 0:0:32]} 37. Re8 {[%emt 0:0:54]} Nc7 {[%emt 0:0:19]} 38. Rb8 {[%emt 0:0:28]
} N5xe6 {[%emt 0:0:7]} 39. Qf2 {[%emt 0:0:23]} b5 {[%emt 0:0:0]} 40. h4 {[%emt 0:0:0]} Qe5 {[%emt 0:0:0]} 41. Qf3 {[%emt 0:3:12]} Nd4 {[%emt 0:1:48]} 42. Qg4 {[%emt 0:0:37]} Nce6 {[%emt 0:1:24]} 43. Re8 {[%emt 0:0:58]
} Rc7 {[%emt 0:1:6]} 44. Rd1 {[%emt 0:2:28]} Rc3 {[%emt 0:0:0]} 0-1

[Event "RUS-chT Premier 2021"]
[White "Petrov,Nikita"]
[Black "Artemiev,Vladislav"]
[WhiteTeam "Школа М. Ботвинника"]
[BlackTeam "Ладья"]
[Site "Sochi"]
[Round "2.1"]
[Annotator "ChessBase"]
[Result "1/2-1/2"]
[Date "2021.05.02"]
[WhiteElo "2567"]
[BlackElo "2709"]
[PlyCount "80"]
[TimeControl "60"]

1. d4 {[%emt 0:0:0]} d5 {[%emt 0:0:0]} 2. c4 {[%emt 0:0:0]} e6 {[%emt 0:0:0]} 3. Nf3 {[%emt 0:0:23]} c5 {[%emt 0:3:54]} 4. cxd5 {[%emt 0:0:12]} exd5 {[%emt 0:0:14]} 5. Nc3 {[%emt 0:1:49]} Nc6 {[%emt 0:0:27]} 6. dxc5 {[%emt 0:2:17]
} d4 {[%emt 0:0:40]} 7. Na4 {[%emt 0:0:16]} Bxc5 {[%emt 0:0:0]} 8. Nxc5 {[%emt 0:0:6]} Qa5+ {[%emt 0:0:9]} 9. Qd2 {[%emt 0:0:8]} Qxc5 {[%emt 0:0:15]} 10. e3 {[%emt 0:4:13]} dxe3 {[%emt 0:5:26]} 11. Qxe3+ {[%emt 0:0:6]
} Qxe3+ {[%emt 0:0:41]} 12. Bxe3 {[%emt 0:0:2]} Nf6 {[%emt 0:0:0]} 13. Bc4 {[%emt 0:11:28]} 0-0 {[%emt 0:1:39]} 14. 0-0 {[%emt 0:7:8]} Re8 {[%emt 0:3:3]} 15. Rac1 {[%emt 0:4:47]} Be6 {[%emt 0:0:49]} 16. Bxe6 {[%emt 0:4:59]
} Rxe6 {[%emt 0:1:20]} 17. Nd4 {[%emt 0:8:29]} Nxd4 {[%emt 0:0:0]} 18. Bxd4 {[%emt 0:0:2]} b6 {[%emt 0:19:55]} 19. Bxf6 {[%emt 0:11:48]} Rxf6 {[%emt 0:0:59]} 20. Rfd1 {[%emt 0:0:34]} g6 {[%emt 0:0:32]} 21. Kf1 {[%emt 0:1:36]
} Kg7 {[%emt 0:1:46]} 22. Rd2 {[%emt 0:4:54]} Re8 {[%emt 0:0:0]} 23. Rc7 {[%emt 0:2:49]} a5 {[%emt 0:0:57]} 24. g3 {[%emt 0:1:46]} g5 {[%emt 0:5:35]
} 25. h3 {[%emt 0:3:19]} Re4 {[%emt 0:2:59]} 26. Rcd7 {[%emt 0:0:0]} Kg6 {[%emt 0:14:11]} 27. R7d6 {[%emt 0:2:26]} Rb4 {[%emt 0:2:47]} 28. b3 {[%emt 0:3:43]} Rxd6 {[%emt 0:1:29]} 29. Rxd6+ {[%emt 0:0:3]} f6 {[%emt 0:0:7]
} 30. g4 {[%emt 0:5:0]} h6 {[%emt 0:2:40]} 31. Kg2 {[%emt 0:0:0]} b5 {[%emt 0:2:10]} 32. Rb6 {[%emt 0:1:37]} a4 {[%emt 0:0:25]} 33. bxa4 {[%emt 0:0:7]} Rxa4 {[%emt 0:0:3]} 34. Rxb5 {[%emt 0:0:4]} Rxa2 {[%emt 0:0:6]
} 35. Rb6 {[%emt 0:0:7]} Ra3 {[%emt 0:0:10]} 36. Rc6 {[%emt 0:0:0]} Rd3 {[%emt 0:0:6]} 37. Ra6 {[%emt 0:0:10]} Rc3 {[%emt 0:0:10]} 38. Rb6 {[%emt 0:0:5]} Rd3 {[%emt 0:0:8]} 39. Ra6 {[%emt 0:0:4]} Rb3 {[%emt 0:0:9]
} 40. Rc6 {[%emt 0:0:0]} Rd3 {[%emt 0:0:0]} 1/2-1/2

[Event "RUS-chT Premier 2021"]
[White "Oparin,Grigoriy"]
[Black "Zakhartsov,Vladimir"]
[WhiteTeam "Ладья"]
[BlackTeam "Школа М. Ботвинника"]
[Site "Sochi"]
[Round "2.2"]
[Annotator "ChessBase"]
[Result "1-0"]
[Date "2021.05.02"]
[WhiteElo "2652"]
[BlackElo "2486"]
[PlyCount "151"]
[TimeControl "60"]

1. d4 {[%emt 0:0:0]} d5 2. Nf3 {[%emt 0:0:0]} Nf6 {[%emt 0:0:40]} 3. c4 {[%emt 0:0:0]
} dxc4 {[%emt 0:0:25]} 4. e3 {[%emt 0:0:16]} e6 {[%emt 0:0:24]
} 5. Bxc4 {[%emt 0:0:14]} c5 {[%emt 0:0:13]} 6. 0-0 {[%emt 0:0:31]} a6 {[%emt 0:0:31]
} 7. a4 {[%emt 0:3:40]} Nc6 {[%emt 0:0:48]} 8. Nc3 {[%emt 0:0:0]} Be7 {[%emt 0:0:33]} 9. Qe2 {[%emt 0:1:51]} cxd4 {[%emt 0:1:21]} 10. exd4 {[%emt 0:0:6]} Nxd4 {[%emt 0:3:17]} 11. Nxd4 {[%emt 0:0:17]} Qxd4 {[%emt 0:0:4]
} 12. Rd1 {[%emt 0:5:3]} Qh4 {[%emt 0:6:12]} 13. Be3 {[%emt 0:0:0]} Bd7 {[%emt 0:6:14]} 14. Rd4 {[%emt 0:11:54]} Qh5 {[%emt 0:0:50]} 15. Qxh5 {[%emt 0:0:4]} Nxh5 {[%emt 0:0:7]} 16. g4 {[%emt 0:0:3]} Nf6 {[%emt 0:1:49]
} 17. g5 {[%emt 0:0:26]} Ng8 {[%emt 0:6:14]} 18. b4 {[%emt 0:0:0]} Bxb4 {[%emt 0:24:35]} 19. Bxe6 {[%emt 0:1:42]} Bxe6 {[%emt 0:7:4]} 20. Rxb4 {[%emt 0:0:8]} Ne7 {[%emt 0:0:5]} 21. Rxb7 {[%emt 0:0:43]} Nd5 {[%emt 0:2:52]
} 22. Nxd5 {[%emt 0:3:1]} Bxd5 {[%emt 0:0:4]} 23. Rb6 {[%emt 0:0:51]
} 0-0 {[%emt 0:1:11]} 24. Rc1 {[%emt 0:0:25]} f6 {[%emt 0:0:0]} 25. h4 {[%emt 0:2:58]} fxg5 {[%emt 0:1:32]} 26. hxg5 {[%emt 0:0:6]} Rf7 {[%emt 0:2:33]} 27. a5 {[%emt 0:2:18]} Be4 {[%emt 0:2:39]} 28. Rd6 {[%emt 0:1:53]
} Bf3 {[%emt 0:3:34]} 29. Rc2 {[%emt 0:2:22]} Rb7 {[%emt 0:0:0]} 30. Kh2 {[%emt 0:1:31]} Bh5 {[%emt 0:2:30]} 31. Kg3 {[%emt 0:2:52]} Be8 {[%emt 0:0:38]} 32. f4 {[%emt 0:1:8]} Rb3 {[%emt 0:2:34]} 33. Kf2 {[%emt 0:0:0]} Rb7 {[%emt 0:3:7]} 34. f5 {[%emt 0:4:36]} Bd7 {[%emt 0:4:36]} 35. Rc5 {[%emt 0:2:39]} Bb5 {[%emt 0:0:44]} 36. Bd4 {[%emt 0:2:12]} Rd7 {[%emt 0:3:50]
} 37. Rxd7 {[%emt 0:0:33]} Bxd7 {[%emt 0:0:2]} 38. Kg3 {[%emt 0:1:51]
} Rc8 {[%emt 0:1:39]} 39. Rd5 {[%emt 0:0:13]} Bb5 {[%emt 0:0:0]} 40. Kf4 {[%emt 0:0:0]} Kf7 {[%emt 0:0:0]} 41. Rd6 {[%emt 0:2:14]} Rc7 {[%emt 0:10:44]} 42. Rb6 {[%emt 0:1:16]} Bd3 {[%emt 0:1:22]} 43. Rd6 {[%emt 0:13:2]
} Rc1 {[%emt 0:5:22]} 44. Rd7+ {[%emt 0:5:51]} Ke8 {[%emt 0:0:0]} 45. Rd5 {[%emt 0:0:5]} Rf1+ {[%emt 0:3:52]} 46. Kg4 {[%emt 0:0:4]} Be2+ {[%emt 0:0:32]} 47. Kg3 {[%emt 0:0:6]} Rf3+ {[%emt 0:0:27]} 48. Kg2 {[%emt 0:0:6]
} Rf4 {[%emt 0:3:1]} 49. Re5+ {[%emt 0:0:9]} Kd7 {[%emt 0:0:0]} 50. Be3 {[%emt 0:0:22]} Rb4 {[%emt 0:11:59]} 51. f6 {[%emt 0:5:2]} gxf6 {[%emt 0:0:14]} 52. gxf6 {[%emt 0:0:4]} Bc4 {[%emt 0:0:50]} 53. Re7+ {[%emt 0:0:18]
} Kd6 {[%emt 0:1:36]} 54. Bf4+ {[%emt 0:0:31]} Kc6 {[%emt 0:0:0]} 55. f7 {[%emt 0:0:46]} Bxf7 {[%emt 0:1:20]} 56. Rxf7 {[%emt 0:0:5]} h5 {[%emt 0:1:38]} 57. Rf6+ {[%emt 0:0:30]} Kb7 {[%emt 0:0:10]} 58. Be3 {[%emt 0:0:55]
} Rb5 {[%emt 0:0:18]} 59. Bb6 {[%emt 0:0:17]} Rg5+ {[%emt 0:0:0]} 60. Kf3 {[%emt 0:0:7]} Rg7 {[%emt 0:0:37]} 61. Be3 {[%emt 0:1:35]} Rc7 {[%emt 0:0:31]} 62. Rb6+ {[%emt 0:0:23]} Ka7 {[%emt 0:0:9]} 63. Rh6+ {[%emt 0:0:8]
} Kb7 {[%emt 0:0:2]} 64. Ke4 {[%emt 0:0:25]} h4 {[%emt 0:0:0]} 65. Kd5 {[%emt 0:0:26]} h3 {[%emt 0:0:11]} 66. Rxh3 {[%emt 0:0:15]} Rd7+ {[%emt 0:0:15]} 67. Kc4 {[%emt 0:0:8]} Rc7+ {[%emt 0:0:10]} 68. Bc5 {[%emt 0:0:6]
} Ka8 {[%emt 0:0:24]} 69. Kd5 {[%emt 0:0:23]} Kb7 {[%emt 0:0:0]} 70. Bd6 {[%emt 0:0:54]} Rg7 {[%emt 0:0:51]} 71. Rb3+ {[%emt 0:0:29]} Ka8 {[%emt 0:0:9]} 72. Kc6 {[%emt 0:0:15]} Rg8 {[%emt 0:1:18]} 73. Rh3 {[%emt 0:0:47]
} Rg6 {[%emt 0:1:23]} 74. Rh8+ {[%emt 0:0:32]} Ka7 {[%emt 0:0:0]} 75. Rh7+ {[%emt 0:0:5]} Ka8 {[%emt 0:0:5]} 76. Rd7 {[%emt 0:0:40]} 1-0

[Event "RUS-chT Premier 2021"]
[White "Makarian,Rudik"]
[Black "Timofeev,Artyom"]
[WhiteTeam "Школа М. Ботвинника"]
[BlackTeam "Ладья"]
[Site "Sochi"]
[Round "2.3"]
[Annotator "ChessBase"]
[Result "1/2-1/2"]
[Date "2021.05.02"]
[WhiteElo "2468"]
[BlackElo "2594"]
[PlyCount "82"]
[TimeControl "60"]

1. d4 {[%emt 0:0:0]} d5 {[%emt 0:0:0]} 2. c4 {[%emt 0:0:0]} e6 {[%emt 0:0:0]} 3. Nf3 {[%emt 0:0:3]} c6 {[%emt 0:0:26]} 4. b3 {[%emt 0:0:51]} Bd6 {[%emt 0:6:38]} 5. g3 {[%emt 0:1:15]} f5 {[%emt 0:0:47]} 6. Bg2 {[%emt 0:0:0]} Nf6 {[%emt 0:0:10]} 7. 0-0 {[%emt 0:0:4]} 0-0 {[%emt 0:0:12]} 8. Ba3 {[%emt 0:12:59]
} Bxa3 {[%emt 0:1:50]} 9. Nxa3 {[%emt 0:1:56]} Bd7 {[%emt 0:0:0]} 10. Nc2 {[%emt 0:13:7]} Be8 {[%emt 0:3:23]} 11. Nce1 {[%emt 0:1:13]} Bh5 {[%emt 0:10:9]} 12. Nd3 {[%emt 0:2:1]} Bxf3 {[%emt 0:1:26]} 13. exf3 {[%emt 0:2:21]
} Nbd7 {[%emt 0:9:3]} 14. Qe1 {[%emt 0:13:2]} Re8 {[%emt 0:0:0]} 15. Qc3 {[%emt 0:0:3]} Rc8 {[%emt 0:3:45]} 16. Rfe1 {[%emt 0:5:59]} c5 {[%emt 0:4:11]} 17. dxc5 {[%emt 0:9:52]} Nxc5 {[%emt 0:0:42]} 18. Nxc5 {[%emt 0:2:40]
} Rxc5 {[%emt 0:0:9]} 19. Qd4 {[%emt 0:0:23]} b6 {[%emt 0:0:0]} 20. cxd5 {[%emt 0:1:36]} Rxd5 {[%emt 0:2:14]} 21. Qc4 {[%emt 0:0:18]} Rd4 {[%emt 0:7:47]} 22. Qc6 {[%emt 0:2:52]} Rd6 {[%emt 0:2:27]} 23. Qc4 {[%emt 0:1:10]
} Rd4 {[%emt 0:0:38]} 24. Qc6 {[%emt 0:4:41]} Rd6 {[%emt 0:0:0]} 25. Qa4 {[%emt 0:3:44]} Qd7 {[%emt 0:0:51]} 26. Qxd7 {[%emt 0:0:24]} Rxd7 {[%emt 0:0:59]} 27. Bf1 {[%emt 0:5:5]} Rd6 {[%emt 0:3:36]} 28. Rac1 {[%emt 0:0:40]
} Kf7 {[%emt 0:0:57]} 29. Rc2 {[%emt 0:0:56]} Nd5 {[%emt 0:0:0]} 30. Bc4 {[%emt 0:0:52]} Nb4 {[%emt 0:1:46]} 31. Rce2 {[%emt 0:0:32]} Nc6 {[%emt 0:1:19]} 32. Bb5 {[%emt 0:1:9]} Red8 {[%emt 0:0:33]} 33. Bxc6 {[%emt 0:0:17]
} Rxc6 {[%emt 0:0:6]} 34. Kg2 {[%emt 0:0:7]} Kf6 {[%emt 0:0:0]} 35. f4 {[%emt 0:0:7]} Rd3 {[%emt 0:1:0]} 36. h4 {[%emt 0:0:17]} h5 {[%emt 0:2:39]
} 37. Kh2 {[%emt 0:0:31]} b5 {[%emt 0:0:24]} 38. Kg2 {[%emt 0:0:0]} a6 {[%emt 0:5:5]} 39. Kh2 {[%emt 0:0:26]} Rd5 {[%emt 0:3:53]} 40. Kg2 {[%emt 0:0:0]} a5 {[%emt 0:0:0]} 41. Kf1 {[%emt 0:1:1]} Kf7 {[%emt 0:0:0]} 1/2-1/2

[Event "RUS-chT Premier 2021"]
[White "Makhmutov,Rail"]
[Black "Afanasiev,Nikita"]
[WhiteTeam "Ладья"]
[BlackTeam "Школа М. Ботвинника"]
[Site "Sochi"]
[Round "2.4"]
[Annotator "ChessBase"]
[Result "0-1"]
[Date "2021.05.02"]
[WhiteElo "2450"]
[BlackElo "2529"]
[PlyCount "72"]
[TimeControl "60"]

1. d4 {[%emt 0:0:0]} Nf6 {[%emt 0:0:0]} 2. c4 {[%emt 0:0:0]} g6 {[%emt 0:0:0]} 3. Nc3 {[%emt 0:0:7]} d5 {[%emt 0:0:0]} 4. cxd5 {[%emt 0:0:47]} Nxd5 {[%emt 0:0:0]} 5. e4 {[%emt 0:0:9]} Nxc3 {[%emt 0:0:2]} 6. bxc3 {[%emt 0:0:6]
} Bg7 {[%emt 0:0:3]} 7. Nf3 {[%emt 0:0:10]} c5 {[%emt 0:0:14]
} 8. Bb5+ {[%emt 0:1:1]} Nd7 {[%emt 0:1:9]} 9. 0-0 {[%emt 0:1:0]} a6 {[%emt 0:3:34]
} 10. Be2 {[%emt 0:7:25]} 0-0 {[%emt 0:3:27]} 11. a4 {[%emt 0:0:0]} Nf6 {[%emt 0:6:51]} 12. Qd3 {[%emt 0:2:0]} b6 {[%emt 0:4:34]} 13. Bf4 {[%emt 0:4:14]} cxd4 {[%emt 0:10:46]} 14. cxd4 {[%emt 0:0:44]} Bb7 {[%emt 0:0:16]
} 15. Nd2 {[%emt 0:6:51]} Ne8 {[%emt 0:7:15]} 16. Be3 {[%emt 0:0:0]} Nd6 {[%emt 0:0:23]} 17. Rfb1 {[%emt 0:20:49]} b5 {[%emt 0:6:27]} 18. axb5 {[%emt 0:5:36]} axb5 {[%emt 0:7:27]} 19. Rxa8 {[%emt 0:3:39]} Qxa8 {[%emt 0:1:30]
} 20. Bf3 {[%emt 0:5:0]} Rc8 {[%emt 0:12:8]} 21. h4 {[%emt 0:0:0]} Nc4 {[%emt 0:3:31]} 22. h5 {[%emt 0:7:0]} Qa4 {[%emt 0:16:34]} 23. Nb3 {[%emt 0:2:8]} Nxe3 {[%emt 0:0:29]} 24. Qxe3 {[%emt 0:0:40]} Qb4 {[%emt 0:0:55]
} 25. Rd1 {[%emt 0:8:58]} Rc3 {[%emt 0:1:12]} 26. Rd3 {[%emt 0:0:0]} Bh6 {[%emt 0:0:37]} 27. Rxc3 {[%emt 0:4:5]} Bxe3 {[%emt 0:0:5]} 28. Rxe3 {[%emt 0:0:4]} Kg7 {[%emt 0:1:39]} 29. hxg6 {[%emt 0:2:40]} hxg6 {[%emt 0:0:3]
} 30. g3 {[%emt 0:1:17]} g5 {[%emt 0:1:44]} 31. Kh2 {[%emt 0:0:0]} Bc8 {[%emt 0:2:52]} 32. Kg1 {[%emt 0:0:39]} Qa3 {[%emt 0:0:59]} 33. Be2 {[%emt 0:0:30]} b4 {[%emt 0:0:11]} 34. Bc4 {[%emt 0:0:29]} Bg4 {[%emt 0:0:0]} 35. Kg2 {[%emt 0:0:31]} Qb2 {[%emt 0:0:20]} 36. e5 {[%emt 0:0:41]} Bd1 {[%emt 0:0:11]} 0-1

[Event "RUS-chT Premier 2021"]
[White "Kukhmazov,Arsen"]
[Black "Samusenko,Maksim"]
[WhiteTeam "Школа М. Ботвинника"]
[BlackTeam "Ладья"]
[Site "Sochi"]
[Round "2.5"]
[Annotator "ChessBase"]
[Result "1/2-1/2"]
[Date "2021.05.02"]
[WhiteElo "2451"]
[BlackElo "2467"]
[PlyCount "100"]
[TimeControl "60"]

1. d4 {[%emt 0:0:0]} Nf6 {[%emt 0:0:0]} 2. c4 {[%emt 0:0:0]} d6 {[%emt 0:0:0]} 3. Nf3 {[%emt 0:0:0]} g6 {[%emt 0:0:52]} 4. g3 {[%emt 0:0:0]} Bg7 {[%emt 0:0:37]} 5. Bg2 {[%emt 0:0:0]} 0-0 {[%emt 0:0:16]} 6. 0-0 {[%emt 0:0:0]} c6 {[%emt 0:0:55]} 7. Nc3 {[%emt 0:0:11]} Qa5 {[%emt 0:1:49]} 8. e4 {[%emt 0:0:52]} e5 {[%emt 0:2:5]} 9. h3 {[%emt 0:0:35]} Nbd7 {[%emt 0:0:0]} 10. Qc2 {[%emt 0:1:17]} exd4 {[%emt 0:8:57]} 11. Nxd4 {[%emt 0:1:45]} Nb6 {[%emt 0:0:17]} 12. b3 {[%emt 0:2:24]} Nxe4 {[%emt 0:11:34]} 13. Nxe4 {[%emt 0:0:13]
} Bxd4 {[%emt 0:0:6]} 14. Bd2 {[%emt 0:0:5]} Qe5 {[%emt 0:0:0]} 15. Bf4 {[%emt 0:0:19]} Qg7 {[%emt 0:9:44]} 16. Rad1 {[%emt 0:1:57]} Bf5 {[%emt 0:20:38]} 17. Qd2 {[%emt 0:4:40]} Bxe4 18. Bxe4 {[%emt 0:1:56]} Bc3 {[%emt 0:3:19]} 19. Qxd6 {[%emt 0:0:45]} Rfe8 {[%emt 0:1:16]} 20. Bf3 {[%emt 0:3:36]
} Be5 {[%emt 0:1:41]} 21. Bxe5 {[%emt 0:1:49]} Qxe5 {[%emt 0:0:0]} 22. c5 {[%emt 0:1:5]} Qxd6 {[%emt 0:3:39]} 23. Rxd6 {[%emt 0:0:10]} Nc8 {[%emt 0:0:20]} 24. Rd7 {[%emt 0:0:21]} Rb8 {[%emt 0:0:17]} 25. Rfd1 {[%emt 0:0:48]
} Kf8 {[%emt 0:1:49]} 26. R1d4 {[%emt 0:19:47]} Re7 {[%emt 0:0:0]} 27. Rd8+ {[%emt 0:2:20]} Re8 {[%emt 0:0:30]} 28. Kg2 {[%emt 0:13:3]} h5 {[%emt 0:2:57]} 29. Be4 {[%emt 0:3:41]} Rxd8 {[%emt 0:2:36]} 30. Rxd8+ {[%emt 0:0:5]
} Ke7 {[%emt 0:0:8]} 31. Rh8 {[%emt 0:0:25]} Ra8 {[%emt 0:0:0]} 32. f4 {[%emt 0:12:41]} Kf6 {[%emt 0:1:19]} 33. Rd8 {[%emt 0:0:28]} Ke6 {[%emt 0:5:33]} 34. Rd4 {[%emt 0:2:11]} Rb8 {[%emt 0:0:22]} 35. Kf2 {[%emt 0:3:15]
} b6 {[%emt 0:0:31]} 36. Bxc6 {[%emt 0:1:5]} bxc5 {[%emt 0:0:0]} 37. Rd8 {[%emt 0:1:1]} Ke7 {[%emt 0:0:40]} 38. Re8+ {[%emt 0:17:33]} Kd6 {[%emt 0:0:6]} 39. Be4 {[%emt 0:0:4]} Rb4 {[%emt 0:1:37]} 40. Kf3 {[%emt 0:0:0]
} Kd7 {[%emt 0:0:0]} 41. Re5 {[%emt 0:9:12]} Nd6 {[%emt 0:0:0]} 42. Bd3 {[%emt 0:0:59]} Rd4 {[%emt 0:9:27]} 43. Ke3 {[%emt 0:3:57]} Kc6 {[%emt 0:0:40]} 44. Rg5 {[%emt 0:5:27]} a5 45. h4 Rd5 {[%emt 0:12:9]} 46. f5 {[%emt 0:12:44]} gxf5 {[%emt 0:0:44]} 47. Be2 {[%emt 0:1:20]} Re5+ {[%emt 0:0:0]} 48. Kd3 {[%emt 0:0:3]} Rd5+ {[%emt 0:1:13]} 49. Ke3 {[%emt 0:0:9]} Re5+ {[%emt 0:0:4]} 50. Kd3 {[%emt 0:0:4]} Rd5+ {[%emt 0:0:12]} 1/2-1/2